Kaifiat & fadhilat istighfar
| Main Author: | |
|---|---|
| Format: | Book |
| Language: | English |
| Published: |
Batu Caves
Pustaka Ilmi
1997
|
| Subjects: |
| LEADER | 00529cam a2200193 a 4500 | ||
|---|---|---|---|
| 001 | 0000113128 | ||
| 005 | 20090701090000.0 | ||
| 040 | |a mod | ||
| 041 | |a eng | ||
| 020 | 0 | 0 | |a 9830980162 |
| 090 | 0 | 0 | |a 297.382 |b HAN |e 1997 |
| 100 | 0 | 0 | |a Hanafi Mohamed |
| 245 | 1 | 0 | |a Kaifiat & fadhilat istighfar |c Hanafi Mohamed |
| 260 | 0 | 0 | |a Batu Caves |b Pustaka Ilmi |c 1997 |
| 300 | 0 | 0 | |a iii, 78 p. |c 21 cm |
| 650 | 0 | 0 | |a Islam |x Customs and practices |
| 650 | 0 | 0 | |a Islamic meditations |
| 852 | 0 | 0 | |a 01 |
| 999 | |a 0274795 |b ILMI |d BOOKS |e Umum |f ILMI |j AVAILABLE |q GOOD CONDITION | ||